Alle Länder des Deutschen Kolonialreichs - Statistiken

Allgemein
  • Dieses Quiz wurde 123 mal gespielt
  • Das Durchschnittsergebnis liegt bei 9 aus 20
Antwortstatistiken
Antwort % Korrekt
Namibia
92%
Tansania
77%
Togo
75%
Kamerun
68%
Kenia
57%
Nigeria
52%
Ghana
51%
China
50%
Papua Neuguinea
50%
Republik Kongo
49%
Botswana
40%
Burundi
38%
Ruanda
36%
Mosambik
35%
Guinea
28%
Marshallinseln
27%
Somalia
27%
Zentralafrikanische Republik
27%
Nauru
26%
Salomonen
24%
Keine übereinstimmenden Quizze gefunden
Verteilung der Resultate
Anzahl Personen mit jedem Resultat
Perzentil nach korrekt beantworteten Fragen
Ihre Resultats-Entwicklung
Sie haben dieses Quiz noch nicht gespielt